| 000 | 00690nam a22002057a 4500 | ||
|---|---|---|---|
| 003 | OSt | ||
| 005 | 20250819101412.0 | ||
| 008 | 250807b |||||||| |||| 00| 0 eng d | ||
| 020 | _a978-84-672-4910-1 | ||
| 040 | _cBiblioteca de ejemplo | ||
| 100 |
_aRuiz Zafón, Carlos _d(1964-2020) _914 _eautor |
||
| 245 | 0 | 3 |
_aEl prisionero del cielo _b: _c/ Carlos Ruiz Zafón; [colaboradora, Carmen Estrella Delgado María] |
| 250 | _a5ª ed. | ||
| 260 |
_aBarcelona _bCírculo de Lectores _cD.L. 2012 |
||
| 300 |
_a379 p. _bil. _c24 cm |
||
| 490 | 0 | _aEl cementerio de los libros olvidados | |
| 650 | 0 |
_aNovela de suspense _916 |
|
| 700 |
_aDelgado María, Carmen Estrella _d(1962-) _915 |
||
| 942 |
_2ddc _cMO _n0 |
||
| 999 |
_c6 _d6 |
||